000 01114nam0a22003011 4500
001 rc\4219613
005 20130416105649.1
021 _aRU
_b[60-53287]
035 _a(NLR Aleph) 008457786
090 _a7849830
_c7849830
100 _a20130416d1960 |||y0rusy50 ca
101 0 _arus
102 _aRU
105 _aa z |||||
200 1 _aАвтобус ЛАЗ-695Б "Львiв"
_eУстройство, обслуживание
_fПод ред. канд. техн. наук В.В. Осепчугова
210 _aМосква
_cМашгиз
_d1960
215 _a186 с., 1 л. схем.
_cил.
_d23
300 _aПеред загл. авт.: К.М. Атоян, М.С. Краковецкий, Г.А. Нагорняк, В.В. Осепчугов
606 _aАвтобусы
_2psbo
701 1 _aКраковецкий
_bМ. С.
701 1 _aНагорняк
_bГ. А.
701 1 _aАтоян
_bК. М.
701 1 _aОсепчугов
_bВ. В.
_gВиктор Васильевич
_4340
801 0 _aRU
_bNLR
_gpsbo
801 1 _aRU
_bELAR
_2rusmarc
852 _aNLR
_j60-5/3486
942 _cBOOK
980 _aNB